Every Song by Bachman–Turner Overdrive - Statistics

General Stats
  • This quiz has been taken 3 times
  • The average score is 8 of 81
Answer Stats
Album Song % Correct
Not Fragile(1974) You Ain't Seen Nothing Yet
100%
Four Wheel Drive(1975) Four Wheel Drive
67%
Freeways(1977) Freeways
67%
Four Wheel Drive(1975) Hey You
67%
Not Fragile(1974) Not Fragile
67%
Street Action(1978) Street Action
67%
Bachman–Turner Overdrive II(1973) Takin' Care of Business
67%
Bachman–Turner Overdrive(1973) Blue Collar
33%
Head On(Bonus)(2003) Down to the Line
33%
Not Fragile(1974) Free Wheelin'
33%
The Anthology(1993) Freewheelin'
33%
Rock n' Roll Nights(1979) Heartaches
33%
Rock n' Roll Nights(1979) Jamaica
33%
BTO's Greatest(1986) Looking Out for No.1
33%
Bachman–Turner Overdrive(1984) My Sugaree
33%
Rock n' Roll Nights(1979) Rock and Roll Nights
33%
Not Fragile(1974) Roll on Down the Highway
33%
Street Action(1978) A Long Time for a Little While
0%
Rock n' Roll Nights(1979) Amelia Earhart
0%
Bachman–Turner Overdrive(1984) Another Fool
0%
Head On(1975) Average Man
0%
Head On(1975) Away from Home
0%
Bachman–Turner Overdrive II(1973) Blown
0%
Not Fragile(1974) Blue Moanin'
0%
Freeways(1977) Can We All Come Together
0%
Bachman–Turner Overdrive(1984) City's Still Growin'
0%
You Ain't Seen Nothing Yet(1983) She's Keeping Time
0%
Bachman–Turner Overdrive(1973) Don't Get Yourself in Trouble
0%
Four Wheel Drive(1975) Don't Let the Blues Get You Down
0%
Bachman–Turner Overdrive(1973) Down and Out Man
0%
Freeways(1977) Down, Down
0%
Street Action(1978) Down the Road
0%
Freeways(1977) Easy Groove
0%
Rock n' Roll Nights(1979) End of the Line
0%
Head On(1975) Find Out About Love
0%
Four Wheel Drive(1975) Flat Broke Love
0%
Street Action(1978) For Love
0%
Bachman–Turner Overdrive(1984) For the Weekend
0%
Bachman–Turner Overdrive(1973) Gimme Your Money Please
0%
Bachman–Turner Overdrive II(1973) Give It Time
0%
Not Fragile(1974) Givin' It All Away
0%
Rock n' Roll Nights(1979) Heaven Tonight
0%
Rock n' Roll Nights(1979) Here She Comes Again
0%
Bachman–Turner Overdrive(1973) Hold Back the Water
0%
Bachman–Turner Overdrive II(1973) I Don't Have to Hide
0%
Street Action(1978) I'm in Love
0%
The Anthology(1993) I Think You Better Slow Down/Slow Down Boogie
0%
Head On(1975) It’s Over
0%
Freeways(1977) Just for You
0%
Bachman–Turner Overdrive(1984) Just Look at Me Now
0%
Bachman–Turner Overdrive II(1973) Let It Ride
0%
Freeways(1977) Life Still Goes On (I'm Lonely)
0%
Bachman–Turner Overdrive(1973) Little Gandy Dancer
0%
Head On(1975) Lookin’ Out for #1
0%
Bachman–Turner Overdrive(1984) Lost in a Fantasy
0%
Four Wheel Drive(1975) Lowland Fling
0%
Street Action(1978) Madison Avenue
0%
Freeways(1977) My Wheels Won't Turn
0%
Four Wheel Drive(1975) Quick Change Artist
0%
Rock n' Roll Nights(1979) Rock and Roll Hell
0%
Not Fragile(1974) Rock Is My Life, and This Is My Song
0%
Not Fragile(1974) Second Hand
0%
Bachman–Turner Overdrive(1984) Service with a Smile
0%
Four Wheel Drive(1975) She's a Devil
0%
Four Wheel Drive(1975) She's Keepin' Time
0%
Freeways(1977) Shotgun Rider
0%
Not Fragile(1974) Sledgehammer
0%
Head On(1975) Stay Alive
0%
Bachman–Turner Overdrive(1973) Stayed Awake All Night
0%
Bachman–Turner Overdrive II(1973) Stonegates
0%
Head On(1975) Take It Like a Man
0%
Street Action(1978) Takes a Lot of People
0%
Bachman–Turner Overdrive(1973) Thank You for the Feelin'
0%
Street Action(1978) The World Is Waiting for a Love Song
0%
Bachman–Turner Overdrive(1984) Toledo
0%
Bachman–Turner Overdrive II(1973) Tramp
0%
Rock n' Roll Nights(1979) Wastin' Time
0%
Bachman–Turner Overdrive II(1973) Welcome Home
0%
Head On(1975) Wild Spirit
0%
Head On(1975) Woncha Take Me for a While
0%
Street Action(1978) You're Gonna Miss Me
0%
No matching quizzes found
Score Distribution
Percent of People with Each Score
Percentile by Number Answered
Your Score History
You have not taken this quiz